| 000 | 00452nam a22001457a 4500 | ||
|---|---|---|---|
| 005 | 20170216105446.0 | ||
| 008 | 170216b xxu||||| |||| 00| 0 eng d | ||
| 040 | _cPK-LaUMT | ||
| 082 |
_a891.4393 _bSHA-T |
||
| 100 | _aShaheen Firdous = شاھین فردوس | ||
| 245 |
_aToo shaheen he = تو شاہیں ہے / _cShaheen Firdous = شاھین فردوس |
||
| 260 |
_aLahore : _bShirkat Printing Press, _c2017 |
||
| 300 | _a240 p. | ||
| 942 | _cBK | ||
| 999 |
_c90980 _d90980 |
||